UBT Library

The Yahoo! style guide : (Record no. 39339)

000 -LEADER
fixed length control field 00781cam a22002294a 4500
001 - CONTROL NUMBER
control field 16014113
005 - DATE AND TIME OF LATEST TRANSACTION
control field 20171222073125.0
008 - FIXED-LENGTH DATA ELEMENTS--GENERAL INFORMATION
fixed length control field 091209s2010 nyua b 001 0 eng
010 ## - LIBRARY OF CONGRESS CONTROL NUMBER
LC control number 2009047301
020 ## - INTERNATIONAL STANDARD BOOK NUMBER
International Standard Book Number 9780312569846 (pbk.)
040 ## - CATALOGING SOURCE
Original cataloging agency DLC
Transcribing agency DLC
Modifying agency DLC
041 ## - LANGUAGE CODE
Language code of text/sound track or separate title eng
080 ## - UNIVERSAL DECIMAL CLASSIFICATION NUMBER
Universal Decimal Classification number 006.7 CHR
082 00 - DEWEY DECIMAL CLASSIFICATION NUMBER
Classification number 006.7 CHR
Edition number 22
100 1# - Rafti
Rafti 48
101 ## - Shkurtesa
Shkurtesa SHK
245 14 - TITLE STATEMENT
Title The Yahoo! style guide :
Statement of responsibility, etc Chris Barr and the senior editors of Yahoo!.
504 ## - BIBLIOGRAPHY, ETC. NOTE
Bibliography, etc Includes bibliographical references (p. [497]-498) and index.
906 ## - LOCAL DATA ELEMENT F, LDF (RLIN)
a 7
b cbc
c orignew
d 1
e ecip
f 20
g y-gencatlg
942 ## - ADDED ENTRY ELEMENTS (KOHA)
Source of classification or shelving scheme
Item type Books
Holdings
Withdrawn status Lost status Source of classification or shelving scheme Damaged status Not for loan Permanent location Current location Date acquired Total Checkouts Full call number Barcode Date last seen Price effective from Koha item type
          UBT - Lipjan UBT - Lipjan 12/22/2017   006.7 CHR 002-2939868 12/22/2017 12/22/2017 Books
UBT Library © 2015-2024. All rights reserved University Education for Business and Technology